000 00352nam a2200133Ia 4500
008 150202s9999 xx 000 0 und d
020 _a99717409
050 _aFIC
_bFIC
100 _aBurgess, Anthony.
245 4 _aThe devils mode /
_cAnthony Burgess.
260 _aLondon :
_bVintage,
_c1989.
300 _a302 pages :
_c21 cm.
650 _aFiction.
999 _c281889
_d281889